A TB. OF BIOCHEMISTRY FOR NURSING (Record no. 1975)

MARC details
000 -LEADER
fixed length control field 00334nam a2200133Ia 4500
008 - FIXED-LENGTH DATA ELEMENTS--GENERAL INFORMATION
fixed length control field 150201s2008 xx 000 0 und d
082 ## - DEWEY DECIMAL CLASSIFICATION NUMBER
Classification number 612.015
Item number B08A
100 ## - MAIN ENTRY--PERSONAL NAME
Personal name AGARKAR , P.H.
245 #2 - TITLE STATEMENT
Title A TB. OF BIOCHEMISTRY FOR NURSING
250 ## - EDITION STATEMENT
Edition statement 1ST
260 ## - PUBLICATION, DISTRIBUTION, ETC. (IMPRINT)
Name of publisher, distributor, etc. NIRALI PUB.
Place of publication, distribution, etc. PUNE
Date of publication, distribution, etc. 2008
650 ## - SUBJECT ADDED ENTRY--TOPICAL TERM
Topical term or geographic name as entry element BIOCHEMISTRY
942 ## - ADDED ENTRY ELEMENTS (KOHA)
Source of classification or shelving scheme Dewey Decimal Classification
Koha item type Books
Koha issues (borrowed), all copies 19
Holdings
Withdrawn status Lost status Source of classification or shelving scheme Damaged status Not for loan Collection code Home library Current library Shelving location Date acquired Source of acquisition Cost, normal purchase price SGTU Bill Number Total Checkouts Full call number Barcode Date last seen Date last checked out Bill Date Koha item type
    Dewey Decimal Classification     NURSING SGT Medical Library SGT Medical Library Text Book 19/04/2012 UBS DELHI 235.00 SGTU 46 8 612.015 B08A FN498 08/04/2025 29/03/2025 19/04/2012 Books
    Dewey Decimal Classification     NURSING SGT Medical Library SGT Medical Library Text Book 19/04/2012 UBS DELHI 235.00 SGTU 46 16 612.015 B08A FN499 28/03/2026 14/03/2026 19/04/2012 Books
    Dewey Decimal Classification     NURSING SGT Medical Library SGT Medical Library Text Book 19/04/2012 UBS DELHI 235.00 SGTU 46 11 612.015 B08A FN500 19/07/2024 22/06/2024 19/04/2012 Books